000 00293nam a2200133Ia 4500
100 _aSubramaniyam/N
942 _cBK
654 _aatomic
245 _aAtomic and nuclear physics
260 _bS.Chand and Co.
_aNew Dellhi
_c1984
082 _a539.7
_bSUB
300 _a384
546 _aENGLISH
999 _c20835
_d20835